02471nab a2200229 i 4500003000900000005001700009008004100026040001800067072000800085100003700093100003500130245003900165500007500204520162000279650001801899650001301917650002501930650001901955650001301974773017601987856007802163BR-BrBNA20250519091306.0250519b2017 bl.qr|pooa||| 00| 0 por | aBR-BrBNAbpor aF70 aRibeiro, Rayane de Tasso Moreira aLoiola, Maria Iracema Bezerra  aFlora do Ceará, Brasil: Bixaceae aPublicação on-line; 32 ref.; 1 table; 4 illus.; Summaries (En, Pt) a Resumo O estudo consistiu no levantamento florístico de Bixaceae no estado do Ceará, como parte do projeto “Flora do Ceará”. Baseou-se na análise dos caracteres morfológicos de espécimes depositados nos herbários ALCB, ASE, EAC, HUEFS, HUVA, MOSS, TEPB e UFRN, bibliografias especializadas, fotos de materiais-tipo, além de coletas e observações de campo. Foram registradas três espécies em dois gêneros: Bixa (B. orellana) e Cochlospermum (C. regium e C. vitifolium). No estado, as espécies estão associadas a ambientes úmidos e secos: floresta ombrófila densa, floresta estacional semidecidual de terras baixas, savana estépica e floresta estacional decidual, inclusive em Unidades de Conservação cearenses. Palavras-chave: Bixa, Cochlospermum, diversidade, neotrópicos, Nordeste do Brasil. Abstract This study consists in the floristic survey of Bixaceae in the state of Ceará, as part of the “Flora of Ceará” project. It was based on the morphological analysis of specimens deposited in herbaria ALCB, ASE, EAC, HUEFS, HUVA, MOSS, TEPB and UFRN, specialized bibliographies, images of type materials, as well as field collections and observations. Three species were recorded belonging to two genera: Bixa (B. orellana) and Cochlospermum (C. regium and C. vitifolium). In the state, the species are associated with wet and dry environments: dense ombrophyllous forest, semi-deciduous forest lowland, savanna and deciduous forest, including Conservation Units of Ceará. Key words: Bixa, Cochlospermum, diversity, neotropics, Northeast of Brazil.  aBIXA ORELLANA aBIXACEAE aCOCHLOSPERMUM REGIUM aBIODIVERSIDADE aNORDESTE0 0709dRio de Janeiro-RJ Jardim Botanico do Rio de Janeiro 1935o2025-3016tRodriguésia (Brazil)x0370-6583; 2175-7860 on-linegv. 68(4) p. 1313-1322; (2017)wBR2025001002 uhttps://www.scielo.br/j/rod/a/ZWsTkKnFbvszr97tk9MmvSH/?format=pdf&lang=pt